00409nam a22001457a 4500003000500000038001100005082002100016100001900037245004800056260003300104300001300137500001500150880004300165880005500208NUST awaseem a891.4391092bSHA aShakoor, A. K. aBay Samat Rahon Ka Musafir /cA. K. Shakoor aLahore :bHaris Book,c2009. a149 p. ; aHardcover. 6100-02\raعبدالکریم شکور  6245-02\raبے سمت رایوں کا مسافر /